000 01526nam a2200325 i 4500
001 166317
003 ES-MaACL
005 20250811063204.0
008 190925q1930 sp |||| | spa d
080 _a913(447.9 Côte d'Argent)
080 _a913(447.95 Béarn)
080 _a913(447.95 País Vasco)
100 1 _aPraviel, Armand,
_d1875-1944
_eaut
_993722
245 1 3 _aLa Costa de Plata y el País Vasco :
_bEl Bearne /
_cArmand Praviel ; versión española de Joaquín Gallardo ; portada de Tony-Georges Roux
260 _aBarcelona :
_bEdita,
_c[ca. 1930]
300 _a168 páginas :
_bilustraciones ;
_c21 cm
490 1 _aColección "Los bellos paises"
520 _aArmand Praviel nos ofrece gran información sobre el País Vasco, con algunos capítulos dedicados a la caza de la paloma en los célebres pasos de los Pirineos, sobre la caza de la gamuza en el País Vasco e información sobre Gastón Febeus. Obra ilustrada con 174 huecograbados de gran calidad
534 _aTítulo original: Côte d'Argent
651 7 _aCôte d'Argent-
_xDescripción
_9168331
651 7 _aPaís Vasco (Francia)-
_xDescripción
_9168332
651 4 _aBéarn (Francia, Región)-
_xDescripción
_9241685
700 1 _aGallardo, Joaquín
_etrl
_953483
700 1 _aRoux, Tony Georges,
_9168333
_d1894-1928
_eill
830 0 _aColección "Los bellos países"
_9186773
852 _aES-MaACL
_cDEPO2
_jP-862-7
942 _2udc
_cMONOGRAFIA
_n0
999 _c166317
_d166317